000 00331nam a2200121Ia 4500
008 210430s9999 xx 000 0 und d
082 _a306 H138 C
100 _aSabeeha Hafeez
_9366
245 4 _aThe Changing Pakistan Society
_cSabeeha Hafeez
260 _aKarachi
_bRoyal Book Company
_c1991
300 _a334p.
942 _cBK
_2ddc
999 _c562675
_d562675